Statistics for General Knowledge Quiz #32

Click here to take the quiz!

General Stats

  • This quiz has been taken 149,773 times
    (70,299 since last reset)
  • The average score is 12 of 20

Answer Stats

QuestionAnswer% Correct
What did the Grinch try to steal?Christmas
95%
What Italian car company owns the most successful Formula One team of all time?Ferrari
87%
Besides chocolate, what is the main flavor of Nutella?Hazelnut
82%
What weapon does Luke Skywalker wield?Lightsaber
82%
Who was Little Red Riding Hood's adversary?The Big Bad Wolf
78%
What ancient trade route connected China to the Mediterranean?{Silk} Road
76%
In which country would you find a billabong?Australia
76%
In what country did the Bay of Pigs invasion take place?Cuba
68%
Who narrated the British version of "Planet Earth"?David Attenborough
65%
In Norse mythology, who is the father of Thor?Odin
61%
What was New York City known as between 1624 and 1664?New Amsterdam
60%
What holy river flows through Varanasi, India?Ganges
57%
A rasher is a unit of which food product?Bacon
53%
Whose ex-husbands have included Bruce Willis and Ashton Kutcher?Demi Moore
52%
What obsolete psychiatric procedure involved scraping away connections to
the prefrontal cortex?
Lobotomy
46%
Whose face launched a thousand ships?Helen's
46%
On what river does the city formerly known as Stalingrad lie?Volga
39%
Name a country that is located entirely in the Levant?Cyprus, Israel, Jordan,
Lebanon, or Syria
38%
In what U.S. state did Huckleberry Finn live?Missouri
37%
What is emmental cheese more commonly known as in the United States?Swiss Cheese
35%

Score Distribution

Percentile by Number Answered

Percent of People with Each Score

Your Score History

You have not taken this quiz since the last reset